| 000 | 01317cam a2200205 4500 | ||
|---|---|---|---|
| 001 | ##L132676 | ||
| 008 | 060228n2006 000 0 eng u | ||
| 035 | _a(Sirsi) u132676 | ||
| 041 | 0 | _aeng | |
| 050 | 0 | 4 | _a338.94 $2 18 |
| 110 | 1 |
_aUnited Kingdom _bDepartment of Trade and Industry |
|
| 245 | 0 | 0 |
_aReview of the Assisted Areas _bstage 1 - identifying criteria: consultation paper by the Department of Trade and Industry |
| 260 |
_aLondon _bDTI _c2006 |
||
| 520 | _aThis DTI consultation seeks views on the designation of future Assisted Areas. Government is reviewing the Assisted Areas of the UK in response to the new European Commission guidelines on regional aid adopted on 21 December 2005. The current Assisted Areas were designated in 2000. The new guidelines will apply from 2007 to 2013 and replace existing guidelines in December 2006. They aim for less and better targeted state aid in line with the conclusions of successive European Councils and agreed by all member states. The first stage consultation ends on 19 April 2006. | ||
| 590 | _aIKA280206 | ||
| 650 | 2 | 4 | _aASSISTED AREAS |
| 690 | _aENVIRONMENTAL AND LAND CONSULTANCY-PLANNING AND DEVELOPMENT-STRATEGIC PLANNING | ||
| 856 | 4 | 0 |
_uhttps://www.dti.gov.uk/regions/ _zView the consultation free of charge of www.dti.gov.uk... |
| 942 | _n0 | ||
| 999 |
_c105212 _d105212 |
||